| 000 | 006520000a22002170004500 | ||
|---|---|---|---|
| 003 | LK-CoMWRAF | ||
| 005 | 20240624112240.0 | ||
| 008 | 230817t1982 ||||| |||| 00| 0 eng d | ||
| 040 |
_aLK-CoMWRAF _dLK-CoMWRAF _eLK-CoMWRAF |
||
| 041 | _aeng | ||
| 082 |
_a297.095 _bJAM |
||
| 100 | _aJamil, S. M. | ||
| 245 |
_aIslam in North East Asia : _ba memorandum and sketch for the worker of today and tomorrow |
||
| 250 | _a3rd ed. | ||
| 260 |
_aKarachi: _bPresident Holy Quran society of Pakistan, _c1982 |
||
| 300 | _a44 p. ; 18 cm. | ||
| 650 | _aIslam-North East Asia | ||
| 650 | _aIslam-Missions-Korea | ||
| 650 | _aIslam-Missions-Japan | ||
| 942 | _cBK | ||
| 999 |
_c2310 _d2310 |
||